000 00826nam a22002057a 4500
005 20080625100955.0
008 080625t xxu||||| |||| 00| 0 hin d
010 _aHIN-46008
020 _c50.00
035 _aHN-27336
037 _bDBAD
040 _adpl
_bHN
082 _aउ / शुक्लश्री
100 _aशुक्ल, श्रीलाल
245 _aअज्ञातवास /
_cश्रीलाल शुक्ल
260 _aदिल्ली
_bराजपाल
_c1999
300 _a104पृ
_c20सेमी. (सजिल्द)
942 _cHN
_2ddc
_h
_mशुक्लश्री
999 _c13983
_d13983